Statistics for General Knowledge Test by Bobvious

Click here to take the quiz!

General Stats

  • This quiz has been taken 25 times
    (20 since last reset)
  • The average score is 4 of 15

Answer Stats

HintAnswer% Correct
Between 1.7 million and 2.2 million died in this Southeast Asian country in a genocide that included the "Killing Fields."Cambodia
72%
Queen who funded Columbus' first expedition.Isabella
56%
Stacy Peralta is considered a pioneer in this US, west coast sport also called sidewalk surfing.skateboarding
44%
The Southern Cone describes a portion of this continent.South America
39%
"Fallingwater" in south-west Pennsylavania is a well known work by this architect.Frank Lloyd Wright
33%
Star Wars Episode IIIRevenge of The Sith
28%
John Huston film, "Treasure of the ______ _______."Sierra Madre
28%
Punk band hailing from Queens NY.The Ramones
22%
Gallipoli is a tragic battle of this war involving the ANZAC.World War I
22%
William Henry Pratt, the actor also known as "Frankenstein", is better known as ______ ______.Boris Karloff
11%
Camp Crystal Lake was terrorized by this monster.Jason Vorhees
11%
This term is used to describe the slope of loose material at which it is stable.Angle of Repose
0%
American author who stated that "so it goes."Kurt Vonnegut
0%
Italian Renaissance philosopher who questioned whether it is better to be loved or to be feared.Nicolo Machiavelli
0%
Popstar who was a backup singer during Michael Jackson's "Bad" World Tour 1987–89Sheryl Crow
0%

Score Distribution

Percentile by Number Answered

Percent of People with Each Score

Your Score History

You have not taken this quiz since the last reset